<?xml version="1.0" encoding="UTF-8"?>
<record
    xmlns:xsi="http://www.w3.org/2001/XMLSchema-instance"
    xsi:schemaLocation="http://www.loc.gov/MARC21/slim http://www.loc.gov/standards/marcxml/schema/MARC21slim.xsd"
    xmlns="http://www.loc.gov/MARC21/slim">

  <leader>00475nam a22001817a 4500</leader>
  <controlfield tag="003">3228</controlfield>
  <controlfield tag="005">20250626140601.0</controlfield>
  <controlfield tag="008">250626b        sa ||||j |||| 00| 1 eng d</controlfield>
  <datafield tag="020" ind1=" " ind2=" ">
    <subfield code="a">9780571148059</subfield>
    <subfield code="q">hbk</subfield>
  </datafield>
  <datafield tag="040" ind1=" " ind2=" ">
    <subfield code="a">RDA</subfield>
    <subfield code="c">33228</subfield>
  </datafield>
  <datafield tag="041" ind1=" " ind2=" ">
    <subfield code="2">E</subfield>
  </datafield>
  <datafield tag="082" ind1=" " ind2=" ">
    <subfield code="a">EJF CRESS</subfield>
  </datafield>
  <datafield tag="100" ind1=" " ind2=" ">
    <subfield code="a"> Cresswell, Helen  London, 1987  </subfield>
    <subfield code="9">40129</subfield>
  </datafield>
  <datafield tag="245" ind1=" " ind2=" ">
    <subfield code="a">MOONDIAL</subfield>
  </datafield>
  <datafield tag="260" ind1=" " ind2=" ">
    <subfield code="a">LONDON</subfield>
    <subfield code="b">faber and faber</subfield>
    <subfield code="c">c1987</subfield>
  </datafield>
  <datafield tag="300" ind1=" " ind2=" ">
    <subfield code="a">214 PAGES</subfield>
    <subfield code="b">(ILLUSTRATED BY PJ LYNCH</subfield>
    <subfield code="c">20cm</subfield>
  </datafield>
  <datafield tag="942" ind1=" " ind2=" ">
    <subfield code="2">ddc</subfield>
    <subfield code="c">BOOK</subfield>
    <subfield code="w">300</subfield>
    <subfield code="x">Thenjiwe Mabuza</subfield>
    <subfield code="y">300</subfield>
    <subfield code="z">Thenjiwe Mabuza</subfield>
  </datafield>
  <datafield tag="999" ind1=" " ind2=" ">
    <subfield code="c">778501</subfield>
    <subfield code="d">778500</subfield>
  </datafield>
  <datafield tag="952" ind1=" " ind2=" ">
    <subfield code="0">0</subfield>
    <subfield code="1">0</subfield>
    <subfield code="2">ddc</subfield>
    <subfield code="4">0</subfield>
    <subfield code="7">0</subfield>
    <subfield code="8">F</subfield>
    <subfield code="a">KWAGL</subfield>
    <subfield code="b">KWAGL</subfield>
    <subfield code="c">CHILD</subfield>
    <subfield code="d">2025-06-26</subfield>
    <subfield code="l">1</subfield>
    <subfield code="o">EJF CRESS</subfield>
    <subfield code="p">33228001877586</subfield>
    <subfield code="r">2026-06-02</subfield>
    <subfield code="s">2026-05-14</subfield>
    <subfield code="w">2025-06-26</subfield>
    <subfield code="y">BOOK</subfield>
    <subfield code="z">61586277</subfield>
  </datafield>
</record>
